1106 1329 1833 1959 1660 1788 1216 1458 1027 1985 1387 1839 1680 1012 1289 1919 1660 1809 1889 1181 1206 1068 1222 1070 1765 1110 1165 2000 1061 1748 1898 1746 1915 1049 1322 1351 1201 1951 1948 1672 1074 1865 1733 1085 1876 1144 1500 1330 1444 1217 1611 1294 1989 1234 1265 1648 1690 1580 1376 1216 1499 1025 1250 1413 1735 1460 1199 1157 1999 1123 1299 1603 1284 1411 1848 1913 1988 1345 1292 1933 1388 1372 1147 1775 1923 1410 1671 1210 1196 1615 1248 1390 1464 1474 1492 1783 1799 1467 1686 BCNSPRNW ULIB Ver.6.0+V

เปลี่ยนเป็นภาษาไทย

Change to English
 แสดงรายละเอียดบรรณานุกรม
  กลับหน้าหลัก

Brief Record : Get Marc (ISO 2709) : E-mail record : QR code < ปิดหน้าต่าง
LEADER : 00000nam 2200000uu 4500
001    13399110966
003     ULIB
008    110614s||||||||th 000 0 tha d
020    9789740600312
050  4 AC158^bค451ว 2551
100 1  ฮยอนมิน, คิม
245 10 วิทยาศาสตร์ฉลาดรู้ เรื่อง โลกของแมลง /^cคิมฮยอนมิน,เรื่องและภาพ ; อิงอร ศรีเกษ, แปล
250    พิมพ์ครั้งที่ 1
260    กรุงเทพฯ :^bอัมรินทร์คอมมิกส์,^c2551
300    197 หน้า :^bภาพประกอบ ;^c21 ซม.
440  0 ชุดวิทยาศาสตร์ฉลาดรู้ ;^vลำดับที่ 8
650  7 การ์ตูน
650  7 แมลง^xวรรณกรรมสำหรับเด็ก
650  7 วรรณกรรมเกาหลี
650  7 วรรณกรรมสำหรับเด็ก
700 0  อิงอร ศรีเกษ,^eผู้แปล
945    ^p199^l0^i024352
995    ทศพร
999 ^a ใช้งานได้ทุกระบบ
รายการนี้ยังไม่มีแท็ก
คุณยังไม่ได้ล็อกอิน คุณสามารถมีกิจกรรมร่วมกับเว็บไซต์ได้ แต่ต้องล็อกอินก่อน ::
  ล็อกอิน

รายการสื่อสารสนเทศ

ลำดับที่ ประเภท เลขเรียก/บาร์โค้ด สถานที่ สถานะ
- ไม่พบข้อมูล -

รายการใกล้เคียง
    ผู้แต่ง [ฮยอนมิน, คิม]

    หัวเรื่อง [การ์ตูน]
    หัวเรื่อง [วรรณกรรมเกาหลี]
    หัวเรื่อง [วรรณกรรมสำหรับเด็ก]

BibComment


ยังไม่เคยถูกคอมเมนท์

คอมเมนท์ทรัพยากรรายการนี้
  คอมเมนท์: วิทยาศาสตร์ฉลาดรู..


 Copyright 2026. Bcnsprnw @Library